| 000 | 02470nam0a2200349 i 4500 | ||
|---|---|---|---|
| 001 | RU\NLR\BIBL_A\010917849 | ||
| 005 | 20260405095550.0 | ||
| 010 |
_a9785895880593 _9500 |
||
| 035 | _a(NLR Aleph) 010917849 | ||
| 090 |
_a10661896 _c10661896 |
||
| 100 | _a20151203d2014 k y0rusy50 ca | ||
| 101 | 0 | _arus | |
| 102 | _aRU | ||
| 105 | _aa|||z|||000yy | ||
| 200 | 1 |
_aСоциально-экономические и гуманитарные аспекты развития здравоохранения в современных условиях _f[к.ю.н., доц. А.В. Гагаринов, преп. О.А. Галковская, к.э.н., доц. Т.М. Зеленская и др.] _gпод ред. проф. В.Д. Селезнёва _gМ-во здравоохранения Рос. Федерации, Гос. бюджет. образоват. учреждение высш. проф. образования "Сев.-Зап. гос. мед. ун-т им. И.И. Мечникова" М-ва здравоохранения Рос. Федерации, Каф. соц.-гуманитар. наук, экономики и права |
|
| 210 |
_aСанкт-Петербург _cИзд-во СЗГМУ _d2014 |
||
| 215 |
_a237 с. _cил. _d21 |
||
| 300 | _aАвт. указаны на обороте тит. л. | ||
| 320 | _aБиблиогр. в конце гл. | ||
| 606 | 1 |
_aЗдравоохранение _xСоциально-экономические проблемы _91335511 _3RU\NLR\AUTH\66556030 |
|
| 686 | 1 | _aР11(2)к4 | |
| 701 | 1 |
_aГагаринов _bА. В. _gАлександр Васильевич |
|
| 701 | 1 |
_aГалковская _bО. А. |
|
| 701 | 1 |
_8rus _7ca _aЗеленская _bТ. М. _gТатьяна Михайловна _3RU\NLR\AUTH\7735969 _918963 |
|
| 702 | 1 |
_4340 _7ca _8rus _aСелезнев _bВ. Д. _cд-р экон. наук _gВладимир Дмитриевич _9151542 _3RU\NLR\AUTH\770151580 |
|
| 712 | 0 | 2 |
_4570 _aСеверо-Западный государственный медицинский университет им. И. И. Мечникова _bКафедра социально-гуманитарных наук, экономики и права _cСанкт-Петербург _9504353 _3RU\NLR\AUTH\880419679 |
| 801 | 0 |
_aRU _bРГБ _c20150714 _gRCR |
|
| 801 | 1 |
_aRU _bРГБ _c20150714 _2rusmarc |
|
| 942 | _cBOOK | ||
| 980 | _aNBR | ||